000 00724nam a22002417a 4500
003 UA-OsUOA
001 28930
007 ta
008 20050516b un ||||| |||| 00| 0 ukr d
090 _a655(477)(091)
_bВ42
942 _cBK
040 _aUA-OsUOA
_bukr
_cUA-OsUOA
_dUA-OsUOA
245 _aВидавнича справа та редагування в Україні: постаті і джерела (ХІХ-перша третина ХХ ст.)
_bнавч. посіб.
_cРед. Н.Зелінська
300 _a612 с.
955 _a0
041 _aukr
080 _a655(477)(091)
020 _a966-603-222-8
260 _aЛьвів
_bСвіт
_c2003
044 _aUA
650 7 _2UDC
999 _c315306
_d315306